00467 2200157 4500001002100000005001500021035002000036245010600056100001900162300002800181260004400209082000800253084001400261020002200275990001200297INLIS00000000000291220250911015018 a0010-09250002591 aPanduan Guru & Orang Tua :bMendidik & Membesarkan Anak Berkarakter /cProf.Dr.H. Irwan Prayitno, Psi0 aIrwan Prayitno a151 hlm ;c15,5 x 23 cm aJakarta :bEsensi Erlangga Group,c2018 a300 a300 IRW p a978-602-6847-71-3 a0755325